<?xml version="1.0" encoding="UTF-8"?>
<record
    xmlns:xsi="http://www.w3.org/2001/XMLSchema-instance"
    xsi:schemaLocation="http://www.loc.gov/MARC21/slim http://www.loc.gov/standards/marcxml/schema/MARC21slim.xsd"
    xmlns="http://www.loc.gov/MARC21/slim">

  <leader>00804nam a22002057a 4500</leader>
  <datafield tag="952" ind1=" " ind2=" ">
    <subfield code="0">0</subfield>
    <subfield code="1">0</subfield>
    <subfield code="2">lcc</subfield>
    <subfield code="4">0</subfield>
    <subfield code="7">0</subfield>
    <subfield code="a">07</subfield>
    <subfield code="b">07</subfield>
    <subfield code="d">2013-01-08</subfield>
    <subfield code="l">1</subfield>
    <subfield code="o">HD69.P75 B33 2013</subfield>
    <subfield code="p">07 004420</subfield>
    <subfield code="r">2016-02-16</subfield>
    <subfield code="s">2016-02-12</subfield>
    <subfield code="t">1</subfield>
    <subfield code="w">2014-01-08</subfield>
    <subfield code="y">LB</subfield>
  </datafield>
  <datafield tag="952" ind1=" " ind2=" ">
    <subfield code="0">0</subfield>
    <subfield code="1">0</subfield>
    <subfield code="2">lcc</subfield>
    <subfield code="4">0</subfield>
    <subfield code="7">0</subfield>
    <subfield code="a">08</subfield>
    <subfield code="b">08</subfield>
    <subfield code="d">2016-04-14</subfield>
    <subfield code="l">2</subfield>
    <subfield code="o">HD69.P75 B33 2013</subfield>
    <subfield code="p">08 005789</subfield>
    <subfield code="r">2019-01-29</subfield>
    <subfield code="s">2019-01-29</subfield>
    <subfield code="t">1</subfield>
    <subfield code="w">2016-04-14</subfield>
    <subfield code="y">LB</subfield>
  </datafield>
  <datafield tag="952" ind1=" " ind2=" ">
    <subfield code="0">0</subfield>
    <subfield code="1">0</subfield>
    <subfield code="2">lcc</subfield>
    <subfield code="4">0</subfield>
    <subfield code="7">0</subfield>
    <subfield code="a">08</subfield>
    <subfield code="b">08</subfield>
    <subfield code="d">2017-12-03</subfield>
    <subfield code="l">0</subfield>
    <subfield code="o">HD69.P75 B33 2013</subfield>
    <subfield code="p">08 006236</subfield>
    <subfield code="r">2017-09-01</subfield>
    <subfield code="t">2</subfield>
    <subfield code="w">2017-09-01</subfield>
    <subfield code="y">LB</subfield>
  </datafield>
  <datafield tag="999" ind1=" " ind2=" ">
    <subfield code="c">91643</subfield>
    <subfield code="d">91643</subfield>
  </datafield>
  <controlfield tag="008">140108t2013    mx ||||| |||| 00| 0 spa d</controlfield>
  <datafield tag="020" ind1=" " ind2=" ">
    <subfield code="a">9786071502605</subfield>
  </datafield>
  <datafield tag="050" ind1="0" ind2="4">
    <subfield code="a">HD69</subfield>
    <subfield code="b">P75B33 2013</subfield>
  </datafield>
  <datafield tag="100" ind1="1" ind2=" ">
    <subfield code="a">Baca Urbina, Gabriel</subfield>
    <subfield code="e">autor</subfield>
  </datafield>
  <datafield tag="245" ind1="1" ind2="0">
    <subfield code="a">Evaluaci&#xF3;n de proyectos</subfield>
    <subfield code="c"> / Gabriel Baca Urbina</subfield>
  </datafield>
  <datafield tag="250" ind1=" " ind2=" ">
    <subfield code="a">7a edici&#xF3;n</subfield>
  </datafield>
  <datafield tag="260" ind1=" " ind2=" ">
    <subfield code="a">M&#xE9;xico</subfield>
    <subfield code="b">Mc Graw Hill</subfield>
  </datafield>
  <datafield tag="300" ind1=" " ind2=" ">
    <subfield code="a">318 p&#xE1;ginas</subfield>
  </datafield>
  <datafield tag="500" ind1=" " ind2=" ">
    <subfield code="a">Contenido
Prefacio 
Anexo
&#xCD;ndice analitico</subfield>
  </datafield>
  <datafield tag="519" ind1=" " ind2=" ">
    <subfield code="a">Plan Flexible / </subfield>
    <subfield code="b">Mtr&#xED;a. en Educaci&#xF3;n / </subfield>
    <subfield code="c">Seminario de desarrollo de proyectos educativos (M 05) / </subfield>
    <subfield code="d">(08 005789)</subfield>
  </datafield>
  <datafield tag="519" ind1=" " ind2=" ">
    <subfield code="a">Bach Tec /</subfield>
    <subfield code="c">Desarrollo organizacional /</subfield>
    <subfield code="d">(08 006236)</subfield>
  </datafield>
  <datafield tag="650" ind1="1" ind2="4">
    <subfield code="a">ADMINISTRACI&#xD3;N DE PROYECTOS</subfield>
    <subfield code="x">MODELOS MATEMATICOS</subfield>
  </datafield>
  <datafield tag="942" ind1=" " ind2=" ">
    <subfield code="c">LB</subfield>
    <subfield code="2">lcc</subfield>
  </datafield>
</record>
